| 000 | 00420nam a22001577a 4500 | ||
|---|---|---|---|
| 005 | 20250310124019.0 | ||
| 008 | 250310b |||||||| |||| 00| 0 eng d | ||
| 020 | _a9788179290989 | ||
| 050 | _aHM258 BRO | ||
| 100 | _aBrooks Pamela | ||
| 245 |
_aCommunication and Advertising _cPamela Brooks |
||
| 260 |
_aNew Delhi _bInfinity Books _c2005 |
||
| 300 |
_aix. 102p. _c16 cm |
||
| 650 | _2Communication | ||
| 942 |
_2lcc _cBK _n0 |
||
| 999 |
_c4644 _d4644 |
||